Music Quiz

Random Music or Album Quiz

Billy Joel Songs Quiz Stats

 Plays Quiz Updated May 12, 2017

Support Sporcle.
Go Orange.
Score 0/126 Timer 18:00
3 Plays Today
Album Song % Correct
Piano ManPiano Man
92.1%
An Innocent ManUptown Girl
68.9%
Storm FrontWe Didn't Start the Fire
64.7%
River of DreamsThe River of Dreams
64.7%
The StrangerThe Stranger
62.2%
An Innocent ManAn Innocent Man
60.9%
The StrangerMovin' Out (Anthony's Song)
53.8%
The StrangerScenes from an Italian Restaurant
53.4%
The StrangerOnly the Good Die Young
51.6%
52nd Street52nd Street
49.7%
The StrangerShe's Always a Woman
49.3%
The Nylon CurtainAllentown
49.3%
TurnstilesNew York State of Mind
48.7%
Glass HousesYou May Be Right
48%
52nd StreetMy Life
47.4%
Piano ManCaptain Jack
46.9%
52nd StreetBig Shot
46.6%
An Innocent ManThe Longest Time
46.3%
The StrangerJust the Way You Are
46.1%
Glass HousesIt's Still Rock and Roll to Me
45.6%
Streetlife SerenadeStreetlife Serenader
45.1%
The StrangerVienna
44.8%
Storm FrontStorm Front
44.5%
The Nylon CurtainGoodnight Saigon
43.3%
Storm FrontThe Downeaster 'Alexa'
42.4%
Cold Spring HarborShe's Got a Way
41.3%
Streetlife SerenadeThe Entertainer
40.5%
The Nylon CurtainPressure
40.2%
An Innocent ManTell Her About It
40.2%
52nd StreetHonesty
38.8%
TurnstilesMiami 2017 (Seen the Lights Go Out on Broadway)
37.2%
TurnstilesSay Goodbye to Hollywood
37.1%
Piano ManThe Ballad of Billy the Kid
35.7%
River of DreamsLullabye (Goodnight, My Angel)
33.9%
The BridgeA Matter of Trust
33.8%
An Innocent ManKeeping the Faith
33.6%
52nd StreetZanzibar
33.4%
Glass HousesDon't Ask Me Why
33%
Storm FrontLeningrad
32.7%
TurnstilesPrelude/Angry Young Man
32.4%
Storm FrontAnd So It Goes
31.5%
The BridgeBaby Grand
30.9%
Album Song % Correct
Glass HousesAll for Leyna
30.5%
Storm FrontI Go to Extremes
30.3%
TurnstilesSummer, Highland Falls
29.7%
52nd StreetStiletto
29%
Cold Spring HarborEverybody Loves You Now
28%
52nd StreetRosalinda's Eyes
28%
Glass HousesSometimes a Fantasy
27.9%
TurnstilesJames
27.8%
Glass HousesSleeping with the Television On
27.7%
Streetlife SerenadeRoot Beer Rag
27.5%
The Nylon CurtainLaura
27.2%
Piano ManYou're My Home
26.9%
An Innocent ManChristie Lee
26.2%
The BridgeThis Is the Time
25.6%
An Innocent ManEasy Money
25%
An Innocent ManLeave a Tender Moment Alone
25%
The StrangerEverybody Has a Dream
24.9%
River of DreamsAll About Soul
24.3%
The StrangerGet It Right the First Time
23.7%
The BridgeBig Man on Mulberry Street
23.5%
Storm FrontShameless
23.5%
River of DreamsThe Great Wall of China
23.2%
Piano ManTravelin' Prayer
23.1%
The BridgeRunning on Ice
23%
52nd StreetUntil the Night
22.9%
An Innocent ManThis Night
22.8%
Streetlife SerenadeLos Angelenos
22.8%
The Nylon CurtainScandinavian Skies
22.7%
Piano ManStop in Nevada
22.5%
The Nylon CurtainWhere's the Orchestra?
22.4%
Glass HousesC'√Čtait Toi (You Were the One)
22%
TurnstilesI've Loved These Days
21.8%
The BridgeModern Woman
21.6%
The Nylon CurtainShe's Right on Time
21.2%
Cold Spring HarborWhy Judy Why
21.1%
Streetlife SerenadeRoberta
21.1%
River of DreamsFamous Last Words
21%
52nd StreetHalf a Mile Away
20.9%
River of DreamsBlonde Over Blue
20.6%
TurnstilesAll You Wanna Do Is Dance
20.5%
Cold Spring HarborFalling of the Rain
20.4%
Storm FrontThat's Not Her Style
20.4%
Album Song % Correct
Cold Spring HarborTomorrow Is Today
20.2%
Cold Spring HarborNocturne
20.1%
Streetlife SerenadeThe Mexican Connection
19.7%
Storm FrontWhen in Rome
19.1%
River of DreamsTwo Thousand Years
18.9%
River of DreamsNo Man's Land
18.8%
Glass HousesClose to the Borderline
18.8%
Glass HousesI Don't Want to Be Alone
18.4%
The BridgeCode of Silence
18.4%
River of DreamsShades of Grey
18.4%
Piano ManAin't No Crime
18.1%
Piano ManWorse Comes to Worst
18%
Streetlife SerenadeThe Great Suburban Showdown
18%
Streetlife SerenadeSouvenir
17.9%
The Nylon CurtainA Room of Our Own
17.6%
An Innocent ManCareless Talk
16.9%
The BridgeTemptation
16.7%
Glass HousesThrough the Long Night
16.7%
The Nylon CurtainSurprises
16.5%
Piano ManSomewhere Along the Line
16.4%
Streetlife SerenadeLast of the Big Time Spenders
16.2%
Cold Spring HarborGot to Begin Again
16.1%
Streetlife SerenadeWeekend Song
15.9%
Piano ManIf I Only Had the Words (To Tell You)
15.9%
Storm FrontState of Grace
15.8%
Cold Spring HarborYou Can Make Me Free
15.5%
The BridgeGetting Closer
15.4%
Cold Spring HarborTurn Around
15.3%
River of DreamsA Minor Variation
14.9%
Cold Spring HarborYou Look So Good to Me
14.3%
Fantasies & DelusionsOpus 8. Suite for Piano ('Star-Crossed'): III. Delusion
6.6%
Fantasies & DelusionsOpus 6. Invention in C Minor
6%
Fantasies & DelusionsOpus 8. Suite for Piano ('Star-Crossed'): II. Sorbetto
5.7%
Fantasies & DelusionsOpus 8. Suite for Piano ('Star-Crossed'): I. Innamorato
5.6%
Fantasies & DelusionsOpus 2. Waltz # 1 ('Nunley's Carousel')
5.6%
Fantasies & DelusionsOpus 10. Air ('Dublinesque')
5.1%
Fantasies & DelusionsOpus 4. Fantasy ('Film Noir')
5%
Fantasies & DelusionsOpus 9. Waltz # 3 ('For Lola')
5%
Fantasies & DelusionsOpus 5. Waltz # 2 ('Steinway Hall')
4.8%
Fantasies & DelusionsOpus 7. Aria ('Grand Canal')
4.8%
Fantasies & DelusionsOpus 3. Reverie ('Villa d'Este')
4.8%
Fantasies & DelusionsOpus 1. Soliloquy ('On a Separation')
4.6%

You're not logged in!

Compare scores with friends on all Sporcle quizzes.
OR
Log In
Forgot?

From the Vault

Initially Yours: Sport

by Flick

Sports 9m
Sports leagues are no stranger to initials.
Remove Ads.
Support Sporcle.
Get the best of Sporcle when you Go Orange. This ad-free experience offers more features, more stats, and more fun while also helping to support Sporcle. Thank you for becoming a member.

Show Comments

Extras

Top Quizzes Today


Score Distribution

Your Account Isn't Verified!

In order to create a playlist on Sporcle, you need to verify the email address you used during registration. Go to your Sporcle Settings to finish the process.

Report this User

Report this user for behavior that violates our Community Guidelines.

Details: